书目信息 |
| 题名: |
利息理论与应用
|
|
| 作者: | 张运刚 编著 | |
| 分册: | ||
| 出版信息: | 成都 西南财经大学出版社 2011 |
|
| 页数: | 277页 | |
| 开本: | 26cm | |
| 丛书名: | ||
| 单 册: | ||
| 中图分类: | F032.2 | |
| 科图分类: | ||
| 主题词: | 利息--理论--教材 , 利息 | |
| 电子资源: | ||
| ISBN: | 978-7-5504-0367-3 | |
| 000 | 00893nam0 2200265 450 | |
| 001 | 523 | |
| 005 | 20140908150811.39 | |
| 010 | @a978-7-5504-0367-3@dCNY33.80 | |
| 100 | @a20111222d2011 em y0chiy50 ea | |
| 101 | 0 | @achi |
| 102 | @aCN@b510000 | |
| 105 | @ay z 000yy | |
| 106 | @ar | |
| 200 | 1 | @a利息理论与应用@f张运刚编著 |
| 205 | @a2版 | |
| 210 | @a成都@c西南财经大学出版社@d2011 | |
| 215 | @a277页@d26cm | |
| 300 | @a西南财经大学“十五”“211工程”建设项目 保险学系列教材 | |
| 330 | @a本书主要介绍利息的三种度量方式、各种年金现值与终值的计算、投资收益率、债务偿还问题、债券股票的定价、诚实信贷、抵押贷款、资产折旧、投资期限、资产负债匹配以及利率作为随机变量来研究有关现值与终值的计算等方面的内容。 | |
| 606 | 0 | @a利息@x理论@j教材 |
| 606 | 0 | @a利息 |
| 690 | @aF032.2@v5 | |
| 701 | 0 | @a张运刚@4编著 |
| 801 | 0 | @aCN@bTANGWEI@c20140603 |
| 905 | @b0841802-04@dF032.2@e58=2@f3 | |
| 利息理论与应用/张运刚编著.-2版.-成都:西南财经大学出版社,2011 |
| 277页;26cm |
| 西南财经大学“十五”“211工程”建设项目 保险学系列教材 |
| ISBN 978-7-5504-0367-3:CNY33.80 |
| 本书主要介绍利息的三种度量方式、各种年金现值与终值的计算、投资收益率、债务偿还问题、债券股票的定价、诚实信贷、抵押贷款、资产折旧、投资期限、资产负债匹配以及利率作为随机变量来研究有关现值与终值的计算等方面的内容。 |
| ● |
| 相关链接 |
|
|
|
|
正题名:利息理论与应用
索取号:F032.2/58=2
 
预约/预借
| 序号 | 登录号 | 条形码 | 馆藏地/架位号 | 状态 | 备注 |
| 1 | 0841802 | 208418023 | 第一样本阅览室/ [索取号:F032.2/58=2] | 在馆 | |
| 2 | 0841803 | 208418032 | 第一借阅区/ [索取号:F032.2/58=2] | 在馆 | |
| 3 | 0841804 | 208418041 | 密集书库-海洋学院/ [索取号:F032.2/58=2] | 在馆 |